Statistics for Modern-Day Countries of the Tibetan Empire

Click here to take the quiz!

General Stats

  • This quiz has been taken 456 times
  • The average score is 12 of 12

Answers on the Map

Answers color-coded by a green-red scale on the quiz's map according to % correct below.
Loading ...
 

Answer Stats

Countries% Correct
Afghanistan
100%
Bangladesh
100%
China
100%
India
100%
Kazakhstan
100%
Myanmar
100%
Nepal
100%
Pakistan
100%
Tajikistan
100%
Bhutan
99%
Kyrgyzstan
99%
Uzbekistan
97%

Score Distribution

Percentile by Number Answered

Percent of People with Each Score

Your Score History

You have not taken this quiz